To lead the world (Record no. 111638)

MARC details
000 -LEADER
campo de control de longitud fija 01519cam a2200397L 4500
001 - NÚMERO DE CONTROL
campo de control 84277
005 - FECHA Y HORA DE LA ÚLTIMA TRANSACCIÓN
campo de control 20230411090042.0
007 - CAMPO FIJO DE DESCRIPCIÓN FÍSICA--INFORMACIÓN GENERAL
campo de control de longitud fija cr |||||||||||
008 - DATOS DE LONGITUD FIJA--INFORMACIÓN GENERAL
campo de control de longitud fija 091208s2008 uik sb 000 u eng d
035 ## - NÚMERO DE CONTROL DEL SISTEMA
Número de control de sistema (OCoLC)ocn475507977
040 ## - FUENTE DE CATALOGACIÓN
Centro catalogador/agencia de origen DKDLA
Lengua de catalogación dan
Centro/agencia transcriptor DKDLA
020 ## - NÚMERO INTERNACIONAL ESTÁNDAR DEL LIBRO
ISBN cancelado o inválido 0195330986 (Cloth)
020 ## - NÚMERO INTERNACIONAL ESTÁNDAR DEL LIBRO
ISBN cancelado o inválido 0195369416 (Paper)
029 0# - OTRO NÚMERO DE CONTROL DE SISTEMA (OCLC)
Identificador de la biblioteca OCLC DKDLA
Número de control de sistema 36497733
035 ## - NÚMERO DE CONTROL DEL SISTEMA
Número de control de sistema (OCoLC)475507977
043 ## - CÓDIGO DE ÁREA GEOGRÁFICA
Código de área geográfica n-us---
082 #4 - NÚMERO DE LA CLASIFICACIÓN DECIMAL DEWEY
Número de clasificación 327.73
Número de edición 22
049 ## - FONDOS LOCALES (OCLC)
Biblioteca depositaria GRAL
245 00 - MENCIÓN DEL TÍTULO
Título To lead the world
Medio electronic resource :
Resto del título American strategy after the Bush doctrine /
Mención de responsabilidad, etc. edited by Melvyn P. Leffler and Jeffrey W. Legro.
260 ## - PUBLICACIÓN, DISTRIBUCIÓN, ETC.
Lugar de publicación, distribución, etc. Oxford ;
-- New York :
Nombre del editor, distribuidor, etc. Oxford University Press,
Fecha de publicación, distribución, etc. 2008.
300 ## - DESCRIPCIÓN FÍSICA
Extensión xii, 303 s. :
Otras características físicas ill. ;
Dimensiones 24 cm.
500 ## - NOTA GENERAL
Nota general Title from e-book title screen (viewed August 18, 2008).
500 ## - NOTA GENERAL
Nota general Electronic reproduction. UK : MyiLibrary, 2008 Available via World Wide Web. Access may be limited to MIL affiliated libraries.
600 14 - PUNTO DE ACCESO ADICIONAL DE MATERIA--NOMBRE DE PERSONA
Nombre de persona Bush, George W.,
Fechas asociadas al nombre 1946-
Forma completa/desarrollada del nombre Bush, George Walker.
650 #4 - PUNTO DE ACCESO ADICIONAL DE MATERIA--TÉRMINO DE MATERIA
Término de materia o nombre geográfico como elemento de entrada National security
Subdivisión geográfica United States.
650 #4 - PUNTO DE ACCESO ADICIONAL DE MATERIA--TÉRMINO DE MATERIA
Término de materia o nombre geográfico como elemento de entrada Security, International.
650 #4 - PUNTO DE ACCESO ADICIONAL DE MATERIA--TÉRMINO DE MATERIA
Término de materia o nombre geográfico como elemento de entrada World politics
Subdivisión cronológica 21st century.
651 #4 - PUNTO DE ACCESO ADICIONAL DE MATERIA--NOMBRE GEOGRÁFICO
Nombre geográfico United States
Subdivisión general Foreign relations
Subdivisión cronológica 2001-
Subdivisión general Philosophy.
700 1# - ENTRADA AGREGADA--NOMBRE PERSONAL
Nombre de persona Leffler, Melvyn P.,
Fechas asociadas al nombre 1945-.
700 1# - ENTRADA AGREGADA--NOMBRE PERSONAL
Nombre de persona Legro, Jeffrey.
710 2# - ENTRADA AGREGADA--NOMBRE DE ENTIDAD CORPORATIVA
Nombre de entidad corporativa o nombre de jurisdicción como elemento de entrada MyiLibrary.
856 ## - LOCALIZACIÓN Y ACCESO ELECTRÓNICOS
Identificador Uniforme de Recursos <a href="http://www.myilibrary.com?id=134238">http://www.myilibrary.com?id=134238</a>
Proceso de conexión (Logon) http://esc-proxy.lib.cbs.dk/login?url=
Nombre del host MyiLibrary
Nota pública Campus and remote access
942 ## - ELEMENTOS DE ENTRADA SECUNDARIOS (KOHA)
Fuente del sistema de clasificación o colocación Clasificación de Library of Congress
Tipo de ítem Koha
994 ## -
-- C0
-- DRFGD
946 ## - PROCESAMIENTO DE INFORMACIÓN LOCAL (OCLC)
a web
Holdings
Estatus retirado Estado de pérdida Fuente del sistema de clasificación o colocación Estado de daño No para préstamo Colección Biblioteca de origen Biblioteca actual Ubicación en estantería Fecha de adquisición Código de barras Visto por última vez Copia número Tipo de ítem Koha
    Clasificación de Library of Congress     Automatización y Procesos Técnicos Biblioteca Juan Bosch Biblioteca Juan Bosch Automatización y Procesos Técnicos (1er. Piso) 11/04/2023 00000077636 17/02/2019 1